000 00435nam a2200157Ia 4500
005 20250417113831.0
008 231217s9999 xx 000 0 und d
020 _a9788131401484
082 _a658.4038 SHA;1 R
100 _aShanthi, N M ed.
245 0 _aKnowledge management : for business strategy
260 _c2006
_bIcfai
_aHyderabad
300 _axi, 239
650 _aKnowledge,management,business,strategy
942 _cAA
999 _c187617
_d187617